000 00460nam a2200181Ia 4500
001 22697
005 20260414150848.0
008 260414t2008||||xx |||||||||||||| ||spa||
041 _aESP
082 _a621.38415
_bG59
100 _aGolio, Mike
_eAUT
245 0 _aRF and microwave circuits measurements and modeling
_b
260 _c2008
300 _axviii, varias paginaciones :
_c26 cm.
650 _aTCA
654 _aCET
942 _cLIB
_dJUS
_fJUS
_2ddc
_n
999 _c22697
_d22697